Les séries par personnages secondaires #2 - Statistiques

Statistiques générales
  • Ce quiz a été pris 311 fois
  • Le résultat moyen est 7 sur 16
Statistiques - réponses
Par images Réponse % Correct
Stranger Things
80%
Vikings
74%
Desperate housewives
73%
The 100
69%
Grey's Anatomy
55%
La Chronique des Bridgerton
51%
Euphoria
46%
Prison Break
46%
13 Reasons Why
45%
Pretty Little Liars
41%
Suits
39%
How to get away with murder
26%
Lost
26%
Peaky Blinders
21%
This is us
14%
The Handmaid's Tale
13%
Aucun quiz correspondant
Distribution des résultats
% des personnes avec chaque résultat
Percentile par nombre de réponses
Votre historique - résultats
Vous n’avez pas pris ce quiz